Water management: Problems and perspectives (Record no. 13954)
[ view plain ]
| 000 -LEADER | |
|---|---|
| fixed length control field | 00289nam a22001097a 4500 |
| 020 ## - INTERNATIONAL STANDARD BOOK NUMBER | |
| ISBN | 9789380963266 |
| 082 ## - DEWEY DECIMAL CLASSIFICATION NUMBER | |
| Classification number | 627.02 |
| Item number | SAI/WA |
| 100 ## - MAIN ENTRY--AUTHOR NAME | |
| Personal name | Saini, Vijay Kumar |
| 245 ## - TITLE STATEMENT | |
| Title | Water management: Problems and perspectives |
| 260 ## - PUBLICATION, DISTRIBUTION, ETC. (IMPRINT) | |
| Place of publication | Delhi |
| Name of publisher | Signature Books International |
| Year of publication | 2012 |
| 942 ## - ADDED ENTRY ELEMENTS (KOHA) | |
| Koha item type | Books |
| Withdrawn status | Lost status | Damaged status | Collection code | Home library | Current library | Shelving location | Date acquired | Source of acquisition | Cost, normal purchase price | Full call number | Accession Number | Koha item type |
|---|---|---|---|---|---|---|---|---|---|---|---|---|
| Non-fiction | KAUAET | KAUAET | General Stacks | 30/03/2013 | Penta Book Distributors | 895.00 | 627.02 SAI/WA | 23762 | Books | |||
| General Books | KAUAET | KAUAET | General Stacks | 26/08/2022 | 895.00 | 627.02 SAI/WA | 24544 | Books |
